Welcome to CU Library Online Public Access Catalogue (OPAC)

A history of Philosophy (Record no. 9246)

MARC details
000 -LEADER
fixed length control field 00484nam a22001457a 4500
005 - DATE AND TIME OF LATEST TRANSACTION
control field 20260420091342.0
008 - FIXED-LENGTH DATA ELEMENTS--GENERAL INFORMATION
fixed length control field 260420b |||||||| |||| 00| 0 eng d
050 ## - LIBRARY OF CONGRESS CALL NUMBER
Classification number B2741
Item number .C67
100 ## - MAIN ENTRY--PERSONAL NAME
Personal name Copleston Frederick,S.J
245 ## - TITLE STATEMENT
Title A history of Philosophy
Remainder of title Mediaeval Philosophy
Statement of responsibility, etc. Copleston Frederick,S.J
260 ## - PUBLICATION, DISTRIBUTION, ETC.
Place of publication, distribution, etc. New York
Name of publisher, distributor, etc. Image Books
Date of publication, distribution, etc. C1962
300 ## - PHYSICAL DESCRIPTION
Extent 346p
700 ## - ADDED ENTRY--PERSONAL NAME
Personal name Copleston Frederick,S.J
Titles and other words associated with a name A history of philosophy, vol 2, Mediaeval philosophy part 1
942 ## - ADDED ENTRY ELEMENTS (KOHA)
Source of classification or shelving scheme Library of Congress Classification
Koha item type Books
Suppress in OPAC No
999 ## -
-- 9246
-- 9246
Holdings
Withdrawn status Lost status Source of classification or shelving scheme Damaged status Not for loan Collection Home library Current library Shelving location Date acquired Total checkouts Full call number Barcode Date last seen Copy number Price effective from Koha item type
    Library of Congress Classification     Non-fiction Main Library (Kumasi) Law Library (Kumasi) General stacks 04/20/2026   B2741.C67 COP bssk00000008 04/20/2026 Vol 2, part 1 04/20/2026 Books
© 2023-2024 Copyright: Central University Libraries. All Rights Reserved | Created by: Mahone Tech Office